Modelo considerando pérdidas del convertidor DC-DC 1-IFB-1

সংরক্ষণ করুন:
গ্রন্থ-পঞ্জীর বিবরন
প্রধান লেখক: Jiménez Rey, Humberto, 1984-
অন্যান্য লেখক: Golcher Barguil, Luis Alejandro, 1968- Director del TFG
বিন্যাস: গ্রন্থ
ভাষা:Spanish
প্রকাশিত: [San José, Costa Rica] 2013
বিষয়গুলি:
ট্যাগগুলো: ট্যাগ যুক্ত করুন
কোনো ট্যাগ নেই, প্রথমজন হিসাবে ট্যাগ করুন!

MARC

LEADER 00000nam a22000007a 4500
003 011686
005 20230830082421.0
008 151007b2013 cr a|||| |||| 00| 0 spa d
040 |c cru CEDI 
090 |a TFG 6856 
100 |9 1292  |a Jiménez Rey, Humberto, 1984- 
245 |a  Modelo considerando pérdidas del convertidor DC-DC 1-IFB-1  
260 |a [San José, Costa Rica]  |c 2013 
300 |a  xv, 105 hojas : ilustraciones 
500 |a Tesis (licenciatura en ingeniería eléctrica)--Universidad de Costa Rica. Facultad de Ingeniería. Escuela de Ingeniería Eléctrica 
501 |a Director de Tesis de Graduación: Ing. Luis Golcher Barguil 
650 |x CONVERTIDORES DE CORRIENTE ELECTRICA   |x CIRCUITOS DE TRANSISTORES - METODOS DE SIMULACION  |x PERDIDAS ELECTRICAS  |9 1342 
700 |9 781  |a  Golcher Barguil, Luis Alejandro, 1968-  |d Director del TFG  
942 |c CEDI  |2 ddc 
999 |c 14088  |d 14088